[Event "HUN-chT2 Erkel 0506"]
[Site "Hungary"]
[Date "2006.01.22"]
[Round "6"]
[White "Toth, Laszlo2222"]
[Black "Cselotei, Ivan"]
[Result "1/2-1/2"]
[WhiteElo "2065"]
[BlackElo "2176"]
[PlyCount "77"]
[EventDate "2005.10.16"]
[EventType "team"]
[EventRounds "11"]
[EventCountry "HUN"]
[SourceTitle "EXT 2009"]
[Source "ChessBase"]
[SourceDate "2008.11.26"]
[SourceVersion "1"]
[SourceVersionDate "2008.11.26"]
[SourceQuality "1"]
[WhiteTeam "Paszto"]
[BlackTeam "Foti"]
[WhiteTeamCountry "HUN"]
[BlackTeamCountry "HUN"]

1. e4 e5 2. Nf3 Nc6 3. Bb5 Nd4 4. Nxd4 exd4 5. Bc4 Nf6 6. 0-0 Nxe4 7. Bxf7+ Kxf7 8. Qh5+ g6 9. Qd5+ Kg7 10. Qxe4 Qf6 11. d3 c6 12. Bf4 d6 13. Nd2 Bf5 14. Qf3 h5 15. Ne4 Bxe4 16. Qxe4 Be7 17. Rae1 Rae8 18. Bd2 d5 19. Qf4 Qxf4 20. Bxf4 Bf6 21. Bd2 Kf7 22. Rxe8 Rxe8 23. Re1 Rxe1+ 24. Bxe1 Ke6 25. g3 g5 26. Bd2 Kf5 27. Kg2 Be5 28. h3 g4 29. f3 c5 30. b3 b5 31. fxg4+ hxg4 32. h4 c4 33. h5 Bf6 34. Bf4 Bg5 35. Bb8 a6 36. Bf4 Bf6 37. Kf2 Bg5 38. Bxg5 Kxg5 39. b4 1/2-1/2

[Event "HUN-chT2 Erkel 0405"]
[Site "Hungary"]
[Date "2005.02.06"]
[Round "7"]
[White "Cselotei, Ivan"]
[Black "Mihalka, Zsolt"]
[Result "1-0"]
[WhiteElo "2165"]
[BlackElo "2185"]
[PlyCount "85"]
[EventDate "2004.09.26"]
[EventType "team"]
[EventRounds "11"]
[EventCountry "HUN"]
[SourceTitle "EXT 2009"]
[Source "ChessBase"]
[SourceDate "2008.11.26"]
[SourceVersion "1"]
[SourceVersionDate "2008.11.26"]
[SourceQuality "1"]
[WhiteTeam "Foti"]
[BlackTeam "Penzugyor II"]
[WhiteTeamCountry "HUN"]
[BlackTeamCountry "HUN"]

1. e4 g6 2. d4 Bg7 3. Nc3 d6 4. f4 c6 5. Nf3 Bg4 6. Be3 Qb6 7. Qd2 Bxf3 8. gxf3 Nd7 9. 0-0-0 Qa5 10. Kb1 b5 11. e5 b4 12. Ne4 d5 13. e6 dxe4 14. exd7+ Kxd7 15. fxe4 Nf6 16. Bh3+ e6 17. d5 cxd5 18. exd5 Ke7 19. dxe6 Rhd8 20. Qf2 Qh5 21. Bc5+ Ke8 22. exf7+ Kxf7 23. Be6+ Ke8 24. Rde1 Ne4 25. Bc4 Rd1+ 26. Rxd1 Nxf2 27. Rhe1+ Be5 28. Rd5 Ng4 29. Rdxe5+ Nxe5 30. Rxe5+ Qxe5 31. fxe5 a5 32. Bd6 Rc8 33. Bb5+ Kf7 34. b3 Ke6 35. Bc4+ Kd7 36. Bd5 Rc3 37. Bg2 Re3 38. Bb8 g5 39. Bd5 Kc8 40. Bd6 Kd7 41. Bf7 Re1+ 42. Kb2 Rh1 43. Bf8 1-0

[Event "HUN-chT2 Maroczy 0304"]
[Site "Hungary"]
[Date "2004.03.21"]
[Round "9"]
[White "Cselotei, Ivan"]
[Black "Kovacs, Adrian"]
[Result "0-1"]
[WhiteElo "2161"]
[BlackElo "2179"]
[PlyCount "80"]
[EventDate "2003.09.28"]
[EventType "team"]
[EventRounds "11"]
[EventCountry "HUN"]
[SourceTitle "EXT 2005"]
[Source "ChessBase"]
[SourceDate "2004.11.15"]
[SourceVersion "1"]
[SourceVersionDate "2004.11.15"]
[SourceQuality "1"]

1. e4 c5 2. Nf3 e6 3. b3 Nc6 4. Bb2 Nf6 5. e5 Nd5 6. Bb5 Qb6 7. Bxc6 Qxc6 8. 0-0 b6 9. Re1 Bb7 10. d3 Be7 11. Nbd2 0-0 12. c4 Nf4 13. Ne4 Rad8 14. Qd2 Ng6 15. Nf6+ Kh8 16. Nh5 Rg8 17. Re4 d5 18. exd6 Qxd6 19. Qh6 e5 20. Bxe5 Nxe5 21. Nxe5 Qxe5 22. Rxe5 gxh6 23. Rxe7 Rxg2+ 24. Kf1 Rxh2 25. Ng3 Bc6 26. Rc7 Bd7 27. Re1 Bh3+ 28. Ke2 Re8+ 29. Kd2 Rxf2+ 30. Re2 Rexe2+ 31. Nxe2 Bg4 32. Re7 Rxe2+ 33. Rxe2 Bxe2 34. Kxe2 Kg7 35. Ke3 h5 36. d4 cxd4+ 37. Kxd4 h4 38. Ke3 Kf6 39. b4 Ke5 40. a4 f5 0-1

[Event "HUN-chT2 Maroczy 0304"]
[Site "Hungary"]
[Date "2004.01.25"]
[Round "6"]
[White "Cselotei, Ivan"]
[Black "Gara, Peter"]
[Result "1-0"]
[WhiteElo "2161"]
[BlackElo "2223"]
[PlyCount "97"]
[EventDate "2003.09.28"]
[EventType "team"]
[EventRounds "11"]
[EventCountry "HUN"]
[SourceTitle "EXT 2005"]
[Source "ChessBase"]
[SourceDate "2004.11.15"]
[SourceVersion "1"]
[SourceVersionDate "2004.11.15"]
[SourceQuality "1"]

1. e4 e6 2. d4 d5 3. Nc3 Nc6 4. Nf3 Nf6 5. Bg5 Bb4 6. e5 h6 7. Bxf6 gxf6 8. Bb5 Bd7 9. Qe2 f5 10. Qe3 Na5 11. Bd3 a6 12. Qe2 c5 13. dxc5 Rc8 14. 0-0 Bxc3 15. bxc3 Rxc5 16. Nd4 Rxc3 17. Nxf5 exf5 18. e6 Nc6 19. exd7+ Kxd7 20. Qf3 Kc7 21. Qg3+ Qd6 22. Qg7 Qe5 23. Qxf7+ Kb8 24. Rab1 Nd8 25. Qg6 Rc6 26. Qxf5 Qxf5 27. Bxf5 Rf8 28. Bd3 Kc7 29. f4 Ne6 30. g3 b5 31. Rbe1 Kd6 32. Rf2 Nc5 33. Kg2 Rf6 34. Rd2 Nxd3 35. cxd3 d4 36. Kf3 Rc5 37. h3 Re6 38. Rxe6+ Kxe6 39. g4 Kd5 40. h4 Rc1 41. g5 Rf1+ 42. Kg4 hxg5 43. hxg5 Ke6 44. Re2+ Kf7 45. Kf5 Rf3 46. g6+ Kg7 47. Re7+ Kf8 48. Rd7 Rxd3 49. g7+ 1-0

[Event "HUN-chT2 Maroczy 0001"]
[Site "Hungary"]
[Date "2001.02.25"]
[Round "7"]
[White "Zsiros, Laszlo"]
[Black "Cselotei, Ivan"]
[Result "1/2-1/2"]
[WhiteElo "2160"]
[BlackElo "2244"]
[PlyCount "52"]
[EventDate "2000.11.26"]
[EventType "team"]
[EventRounds "11"]
[EventCountry "HUN"]
[SourceTitle "EXT 2007"]
[Source "ChessBase"]
[SourceDate "2006.11.23"]
[SourceVersion "1"]
[SourceVersionDate "2006.11.23"]
[SourceQuality "1"]
[WhiteTeam "Kecskemet Szechenyi"]
[BlackTeam "Foti"]
[WhiteTeamCountry "HUN"]
[BlackTeamCountry "HUN"]

1. e4 a6 2. Nf3 b5 3. g3 Bb7 4. d3 Nf6 5. Bg2 e6 6. 0-0 d6 7. c3 Nbd7 8. Ng5 h6 9. Nh3 d5 10. f3 Be7 11. Qe2 e5 12. Na3 0-0 13. Nc2 Re8 14. Nf2 Bf8 15. Ne3 g6 16. Qc2 Qe7 17. Bd2 Rad8 18. a4 Qd6 19. axb5 axb5 20. Rad1 dxe4 21. fxe4 h5 22. Bc1 Qb6 23. d4 exd4 24. cxd4 c5 25. d5 c4 26. Rde1 Kh8 1/2-1/2

[Event "HUN-chT2 Maroczy 0001"]
[Site "Hungary"]
[Date "2000.12.17"]
[Round "3"]
[White "Cselotei, Ivan"]
[Black "Bagoly, Janos"]
[Result "1-0"]
[WhiteElo "2244"]
[BlackElo "2182"]
[PlyCount "113"]
[EventDate "2000.11.26"]
[EventType "team"]
[EventRounds "11"]
[EventCountry "HUN"]
[SourceTitle "EXT 2007"]
[Source "ChessBase"]
[SourceDate "2006.11.23"]
[SourceVersion "1"]
[SourceVersionDate "2006.11.23"]
[SourceQuality "1"]
[WhiteTeam "Foti"]
[BlackTeam "Edeleny"]
[WhiteTeamCountry "HUN"]
[BlackTeamCountry "HUN"]

1. e4 e6 2. d4 d5 3. Nc3 Bb4 4. e5 c5 5. a3 Ba5 6. Bd2 Nc6 7. Nb5 Bc7 8. f4 cxd4 9. Nf3 f6 10. Bd3 a6 11. Nbxd4 f5 12. Nxc6 bxc6 13. 0-0 Ne7 14. Be3 Bb6 15. Qd2 0-0 16. Qf2 Bxe3 17. Qxe3 Bd7 18. Qc5 Nc8 19. Nd4 Qb6 20. b4 Rb8 21. Rab1 Na7 22. a4 Qb7 23. c3 Kf7 24. Qa5 Bc8 25. Bxa6 Qe7 26. Bd3 Ra8 27. Qb6 Bd7 28. Nf3 h6 29. a5 Rfb8 30. Qe3 Nb5 31. Bxb5 cxb5 32. Nd4 Rc8 33. Nb3 Rc4 34. Nc5 Bc6 35. Rfd1 g5 36. Rd4 Rg8 37. Rb2 Qf8 38. g3 Qg7 39. Rf2 gxf4 40. Rfxf4 Qg5 41. Kf2 Ke7 42. Nb3 Bb7 43. a6 Bc8 44. Rxc4 bxc4 45. Qa7+ Ke8 46. Nd4 Bd7 47. Qb8+ Qd8 48. a7 Kf7 49. Qd6 Qe7 50. Qxe7+ Kxe7 51. b5 Ra8 52. b6 Bc8 53. Nc6+ Ke8 54. Ke3 Kd7 55. Nb8+ Ke7 56. Kd4 Bb7 57. Rh4 1-0

[Event "Tapolca op"]
[Site "Budapest"]
[Date "1999.01.11"]
[Round "4"]
[White "Balogh, Csaba"]
[Black "Cselotei, Ivan"]
[Result "1/2-1/2"]
[WhiteElo "2155"]
[BlackElo "2245"]
[PlyCount "94"]
[EventDate "1999.01.??"]
[EventType "swiss"]
[EventRounds "9"]
[EventCountry "HUN"]
[SourceTitle "CBM 068 Extra"]
[Source "ChessBase"]
[SourceDate "1999.03.01"]
[SourceVersion "1"]
[SourceVersionDate "1999.03.01"]
[SourceQuality "1"]

1. e4 e5 2. Nf3 Nc6 3. Bc4 Nf6 4. d3 Be7 5. 0-0 0-0 6. c3 d5 7. exd5 Nxd5 8. h3 Bf5 9. Qe2 Bf6 10. Rd1 Re8 11. Na3 Qd7 12. Nc2 Rad8 13. Nfe1 Qc8 14. Bxd5 Rxd5 15. Ne3 Rd6 16. Nxf5 Qxf5 17. Be3 Red8 18. Rd2 Bg5 19. Rad1 Bxe3 20. Qxe3 h6 21. Nf3 Re6 22. Qe4 Qf6 23. Re1 Qe7 24. Qc4 a6 25. Re3 b5 26. Qg4 g6 27. Nh2 e4 28. Nf1 Ne5 29. Qxe4 Nc4 30. dxc4 Rxe4 31. Rxd8+ Kg7 32. Rd4 Rxe3 33. Nxe3 c5 34. Rd2 Qe6 35. cxb5 axb5 36. a3 h5 37. Kf1 Qe4 38. Kg1 Qb1+ 39. Kh2 Qe1 40. Rc2 c4 41. g3 Qb1 42. Kg2 g5 43. Nf5+ Kh7 44. Nd4 Qd1 45. Re2 Qd3 46. Re5 f6 47. Rxb5 Qe4+ 1/2-1/2

[Event "Tapolca op"]
[Site "Budapest"]
[Date "1999.01.08"]
[Round "1"]
[White "Cselotei, Ivan"]
[Black "Smaraglay, Botond"]
[Result "1-0"]
[WhiteElo "2245"]
[BlackElo "2060"]
[PlyCount "43"]
[EventDate "1999.01.??"]
[EventType "swiss"]
[EventRounds "9"]
[EventCountry "HUN"]
[SourceTitle "CBM 068 Extra"]
[Source "ChessBase"]
[SourceDate "1999.03.01"]
[SourceVersion "1"]
[SourceVersionDate "1999.03.01"]
[SourceQuality "1"]

1. e4 c5 2. Nf3 Nc6 3. d4 cxd4 4. Nxd4 g6 5. Nxc6 bxc6 6. Bd3 Bg7 7. 0-0 Nf6 8. Nc3 0-0 9. Re1 Rb8 10. Rb1 Qc7 11. Bg5 e6 12. Qf3 Nh5 13. g4 Bxc3 14. bxc3 Ng7 15. Rxb8 Qxb8 16. e5 Bb7 17. Bf6 Qc7 18. Qf4 Ne8 19. Qh6 Qb6 20. Re3 Qb1+ 21. Bf1 Ba6 22. Qxh7+ 1-0

[Event "Budapest vadnyit op"]
[Site "Budapest"]
[Date "1998.??.??"]
[Round "?"]
[White "Pinter, Gabor"]
[Black "Cselotei, Ivan"]
[Result "0-1"]
[WhiteElo "2135"]
[BlackElo "2240"]
[PlyCount "120"]
[EventDate "1998.??.??"]
[EventType "swiss"]
[EventRounds "9"]
[EventCountry "HUN"]
[SourceTitle "EXT 2002"]
[Source "ChessBase"]
[SourceDate "2001.11.25"]
[SourceVersion "1"]
[SourceVersionDate "2001.11.25"]
[SourceQuality "1"]

1. e4 e5 2. Nf3 Nc6 3. d4 exd4 4. Nxd4 Bc5 5. Nxc6 bxc6 6. Bd3 Nf6 7. 0-0 0-0 8. Bg5 Qe7 9. Nd2 Rb8 10. Rb1 d6 11. Qf3 Bd4 12. c3 Be5 13. Qe2 h6 14. Bh4 Bf4 15. Bg3 Bxg3 16. hxg3 d5 17. exd5 Qxe2 18. Bxe2 cxd5 19. Bd3 Re8 20. Nb3 Bd7 21. Rfe1 Rxe1+ 22. Rxe1 Kf8 23. f3 c5 24. Nxc5 Rxb2 25. Nxd7+ Nxd7 26. Re2 Rxe2 27. Bxe2 Nb6 28. Kf2 Na4 29. c4 d4 30. Bd1 Nc5 31. Bc2 Ke7 32. Ke2 Kd6 33. Kd2 g5 34. Bb1 Ke5 35. Bd3 f5 36. Bf1 f4 37. g4 Kd6 38. Be2 Nd7 39. Kd3 Ke5 40. Kd2 Nc5 41. Bd3 Kd6 42. Bf5 Na4 43. Kc2 Kc5 44. Kb3 Nc3 45. Bc2 a5 46. a4 Ne2 47. Bg6 Ng3 48. Bd3 h5 49. Kc2 hxg4 50. fxg4 Nh1 51. Be2 Nf2 52. Kd2 Ne4+ 53. Kd3 Nc3 54. Bf1 Nxa4 55. Kc2 Nb6 56. Kb3 a4+ 57. Ka3 Nxc4+ 58. Kxa4 Ne3 59. Be2 Nxg2 60. Kb3 Ne3 0-1

[Event "Budapest Spring op 11th"]
[Site "Budapest"]
[Date "1995.??.??"]
[Round "4"]
[White "Cselotei, Ivan"]
[Black "Limbrunner, Tibor"]
[Result "1/2-1/2"]
[WhiteElo "2250"]
[BlackElo "2080"]
[PlyCount "78"]
[EventDate "1995.03.??"]
[EventType "swiss"]
[EventRounds "9"]
[EventCountry "HUN"]
[SourceTitle "EXT 1997"]
[Source "ChessBase"]
[SourceDate "1996.11.15"]
[SourceVersion "1"]
[SourceVersionDate "1996.11.15"]
[SourceQuality "1"]

1. e4 d6 2. d4 Nf6 3. Nc3 g6 4. Nf3 Bg7 5. Be2 0-0 6. 0-0 c6 7. h3 b5 8. Bd3 b4 9. Ne2 Ba6 10. a3 Bxd3 11. Qxd3 bxa3 12. Rxa3 Nbd7 13. c4 Ne8 14. Be3 Nc7 15. Nc3 c5 16. dxc5 Nxc5 17. Qc2 Qb8 18. e5 Qb4 19. Na2 Qb7 20. exd6 exd6 21. b4 N5e6 22. Rd1 Rfd8 23. Nd4 a6 24. Nxe6 Nxe6 25. Rc3 Qc6 26. Qb3 Rac8 27. Rcc1 Rb8 28. Rd5 Be5 29. g3 Nc7 30. Rdd1 Ne6 31. Nc3 Nc7 32. Bg5 Re8 33. Ne2 Ne6 34. Be3 Qb7 35. Rb1 Rec8 36. f4 Qf3 37. fxe5 Qxe2 38. exd6 Rxc4 39. Rd2 Rcxb4 1/2-1/2